FINANCIAL MANAGEMENT IN HOTEL (Record no. 8036)

MARC details
000 -LEADER
fixed length control field 00354nam a22001577a 4500
020 ## - INTERNATIONAL STANDARD BOOK NUMBER
International Standard Book Number 81-8204-012-4
082 ## - DEWEY DECIMAL CLASSIFICATION NUMBER
Classification number 658.3
Item number SIN
100 ## - MAIN ENTRY--PERSONAL NAME
Personal name SINGH, D.K
245 ## - TITLE STATEMENT
Title FINANCIAL MANAGEMENT IN HOTEL
250 ## - EDITION STATEMENT
Edition statement 1ST
260 ## - PUBLICATION, DISTRIBUTION, ETC. (IMPRINT)
Place of publication, distribution, etc DELHI
Name of publisher, distributor, etc AMAN
Year of Publication 2010
300 ## - PAGE DESCRIPTION
No. of Pages 294
650 ## - SUBJECT ADDED ENTRY--TOPICAL TERM
Topical term or geographic name as entry element FINANCIAL MANAGEMENT
653 ## - KEYWORDS--INDEX TERM
Keyword term FINANCE, MANAGEMENT
942 ## - ADDED ENTRY ELEMENTS (KOHA)
Source of classification or shelving scheme Dewey Decimal Classification
Koha item type Books
Holdings
Withdrawn status Lost status Source of classification or shelving scheme Damaged status Not for loan Collection code Home library Current library Shelving location Date acquired Vendor Name Cost, normal purchase price SGTU Bill Number Total Checkouts Full call number Accession No. (Barcode) Date last seen Bill Date Koha item type Date last borrowed
    Dewey Decimal Classification     HOTEL MANAGEMENT SGT Science & Social Sciences Library SGT Science & Social Sciences Library Text Book 09/10/2015 JINDAL BOOK SERVICE 650.00 SGTU 1775   658.3 SIN HM346 09/10/2015 07/09/2015 Books  
    Dewey Decimal Classification     HOTEL MANAGEMENT SGT Science & Social Sciences Library SGT Science & Social Sciences Library Text Book 09/10/2015 JINDAL BOOK SERVICE 650.00 SGTU 1775 1 658.3 SIN HM347 14/11/2019 07/09/2015 Books 31/10/2019
    Dewey Decimal Classification     HOTEL MANAGEMENT SGT Science & Social Sciences Library SGT Science & Social Sciences Library Text Book 09/10/2015 JINDAL BOOK SERVICE 650.00 SGTU 1775   658.3 SIN HM348 09/10/2015 07/09/2015 Books  
    Dewey Decimal Classification     HOTEL MANAGEMENT SGT Science & Social Sciences Library SGT Science & Social Sciences Library Text Book 09/10/2015 JINDAL BOOK SERVICE 650.00 SGTU 1775 2 658.3 SIN HM349 22/02/2018 07/09/2015 Books 08/02/2018
    Dewey Decimal Classification     HOTEL MANAGEMENT SGT Science & Social Sciences Library SGT Science & Social Sciences Library Text Book 09/10/2015 JINDAL BOOK SERVICE 650.00 SGTU 1775   658.3 SIN HM350 09/10/2015 07/09/2015 Books